Das Privatleben der Rómer / (Record no. 158800)
[ view plain ]
| 000 -LEADER | |
|---|---|
| campo de control de longitud fija | 00833nam a2200205 i 4500 |
| 001 - NÚMERO DE CONTROL | |
| campo de control | 158800 |
| 003 - IDENTIFICADOR DE NÚMERO DE CONTROL | |
| campo de control | ES-MaACL |
| 005 - FECHA Y HORA DE LA ÚLTIMA TRANSACCIÓN | |
| campo de control | 20250919150507.0 |
| 008 - DATOS DE LONGITUD FIJA--INFORMACIÓN GENERAL | |
| campo de control de longitud fija | 040906m18791882gw |||| | ger d |
| 040 ## - FUENTE DE CATALOGACIÓN | |
| Centro catalogador/agencia de origen | CAM |
| Lengua de catalogación | spa |
| Centro/agencia transcriptor | CAM |
| 100 1# - ENTRADA PRINCIPAL--NOMBRE DE PERSONA | |
| Nombre de persona | Marquardt, Joachim. |
| 9 (RLIN) | 129529 |
| 245 13 - MENCIÓN DEL TÍTULO | |
| Título | Das Privatleben der Rómer / |
| Mención de responsabilidad, etc. | von Joachim Marquardt. |
| 260 ## - PUBLICACIÓN, DISTRIBUCIÓN, ETC. | |
| Lugar de publicación, distribución, etc. | Leipzig : |
| Nombre del editor, distribuidor, etc. | Verlag von S. Hirzel, |
| Fecha de publicación, distribución, etc. | 1879-1882 ( |
| Fabricante | Druck von Breitkopf & Härtel) |
| 300 ## - DESCRIPCIÓN FÍSICA | |
| Extensión | 2 v. (XII, 372; XII p., p. 373-858) ; |
| Dimensiones | 23 cm. |
| 490 1# - MENCIÓN DE SERIE | |
| Mención de serie | Handbook der Römischen Alterthümer / von Jaochim Marquardt und Theodor Mommsen ; |
| Designación de volumen o secuencia | 7; 8 |
| 651 ## - PUNTO DE ACCESO ADICIONAL DE MATERIA--NOMBRE GEOGRÁFICO | |
| Nombre geográfico | Roma- |
| Subdivisión general | Usos y costumbres. |
| 9 (RLIN) | 9321 |
| 830 0# - PUNTO DE ACCESO ADICIONAL DE SERIE-TÍTULO UNIFORME | |
| Título uniforme | Handbuch der Rómischen Alterthümer /von Joachim Marquardt und Theodor Mommsen |
| Designación de volumen o secuencia | 7; 8 |
| 9 (RLIN) | 221890 |
| 852 ## - LOCALIZACIÓN | |
| Ubicación | ES-MaACL |
| Número de control de estantería | G-2917-18 |
| Nota libre | -- Enc. hol. |
| Estatus retirado | Estado de pérdida | Estado de daño | No para préstamo | Colección | Biblioteca de origen | Biblioteca actual | Ubicación en estantería | Fecha de adquisición | Total de préstamos | Signatura topográfica completa | Código de barras | Visto por última vez | Precio de reemplazo | Tipo de ítem Koha |
|---|---|---|---|---|---|---|---|---|---|---|---|---|---|---|
| Libros del s. XIX | Biblioteca del Ateneo de Madrid | Biblioteca del Ateneo de Madrid | Depósito 2 | 17/01/2008 | G-2917-18 | 1166214 | 23/02/2023 | 23/02/2023 | Libro impreso antiguo |
